TV Characters to Show - Click Quiz (1990s U.S. Sitcoms) - Statistics

General Stats
  • This quiz has been taken 115 times
    15 since last reset
  • The average score is 26 of 33
Answer Stats
Hint Answer % Correct
Jerry Seinfeld
100%
Rachel Green
100%
Monica Geller
100%
Phoebe Buffay
100%
Joey Tribbiani
100%
Ross Geller
100%
Peggy Bundy
92%
Kelly Bundy
92%
Tim Taylor
92%
Roseanne Conner
92%
Dan Conner
92%
Darlene Conner
92%
Chandler Bing
92%
Al Bundy
85%
Jesse Katsopolis
85%
Steve Urkel
85%
Carl Winslow
85%
Laura Winslow
85%
George Costanza
85%
Newman
85%
Cosmo Kramer
85%
Jill Taylor
77%
D.J. Tanner
69%
Elaine Benes
69%
J. Peterman
69%
Danny Tanner
62%
Kimmy Gibbler
62%
Wilson Wilson
62%
Marcy D'Arcy
54%
Jackie Harris
54%
Joey Gladstone
38%
Heidi Keppert
38%
Al Borland
31%
No matching quizzes found
Score Distribution
Percent of People with Each Score
Percentile by Number Answered
Your Score History
You have not taken this quiz since the last reset